La Hora de los Hornos

Un documental que pone en evidencia la dependencia económica, cultural y social de Argentina, y se plantea cómo revertirla. Este film está dividido en tres partes: "Neocolonialismo y violencia"; "Acto para la liberación", dividido a su vez en dos grandes momentos "Crónica de...

Descripción completa

Guardado en:
Autor Principal: Solanas, Fernando.
Autor Corporativo: Grupo Cine Liberacion.
Otros Autores: Getino, Octavio; Dirección., Desanzo, Juan Carlos; Fotografía., Suárez, Edgardo; Narración.
Formato: Deslizar
Idioma:Undetermined
Publicado: Argentina : Grupo Cine Liberacion, 1968.
Materias:
Etiquetas: Agregar Etiqueta
Sin Etiquetas, Sea el primero en etiquetar este registro!
LEADER 01535ngm a22002415a 4500
001 CEM.cems021107
008 240426s1968####xx#---############vlund#d
005 20240426144717.0
245 1 0 |a La Hora de los Hornos  |h [videograbación] /  |c Fernando Solanas, Octavio Getino. 
260 |a Argentina :  |b Grupo Cine Liberacion,  |c 1968. 
300 |a 250'. 
538 |a Soporte: DVD - Formato: AVI - Peso: 3.82gb - Resolución: 656 x 480 - 29.97 fps 
590 |a Identificación anterior: 260 
520 |a Un documental que pone en evidencia la dependencia económica, cultural y social de Argentina, y se plantea cómo revertirla. Este film está dividido en tres partes: "Neocolonialismo y violencia"; "Acto para la liberación", dividido a su vez en dos grandes momentos "Crónica del peronismo (1945-1955)" y "Crónica de la resistencia (1955-1966)"; "Violencia y liberación". El narrador es el locutor y actor Edgardo Suárez. Esta película recién pudo ser estrenada formalmente en la Argentina en 1973, debido a la prohibición ejercida por la dictadura autodenominada Revolución Argentina. 
505 0 |a 1.Neocolonialismo y violencia -- 2.Acto para la liberación -- 3.Violencia y liberación 
100 1 |a Solanas, Fernando. 
700 1 |a Getino, Octavio; Dirección. 
700 1 |a Desanzo, Juan Carlos; Fotografía. 
700 1 |a Suárez, Edgardo; Narración. 
710 2 |a Grupo Cine Liberacion. 
653 |a LARGOMETRAJE 
653 |a DOCUMENTAL 
859 |a CEMS  |b BIB. CEMS - Depto. Recursos Didacticos  |h 778.5  |i SOL-5  |k DRD  |p 3382.24  |t Ej.1